| 000 | 00355nam a22001457a 4500 | ||
|---|---|---|---|
| 999 |
_c12231 _d12231 |
||
| 020 | _a9789696931089 | ||
| 082 | _a297.3 | ||
| 100 | _a Imam Abu Dawood Sulaiman bin Ashath Sajistani | ||
| 245 | _aSunan Abu Dawood | ||
| 250 | _aVolume -1 | ||
| 260 |
_aLahore _b Maktab-a-Islamia _c2006 |
||
| 300 | _a600 | ||
| 650 | _aIslamic Publication | ||
| 942 | _cBK | ||